000 00523nam a2200181 i 4500
001 bgj
100 1 _aKREYSSIG, Friedrich.
245 1 0 _aLiterarische Studien und Charakteristiken :
_bnachgelassenes Werk /
_cFriedrich Kreyssig ; mit einer Einleitung von Julius Rodenberg.
260 _aBerlin :
_bA. Hoffmann und Comp.,
_c1882.
300 _a320 s. ;
_c20 cm.
650 9 _aLiteratura
040 _cBPK
041 0 _ager
044 _aDEU
080 _a82
942 _cKS
008 s gw f |000 0 ger
999 _c50272
_d50272
856 _uhttp://koha.tu.koszalin.pl/cgi-bin/koha/opac-detail.pl?biblionumber=50272
_yKatalog online BPK